|
|
|
|
| LEADER |
00000nam0a2200000 4500 |
| 001 |
252462 |
| 005 |
20231101232743.0 |
| 035 |
|
|
|a (RuTPU)RU\TPU\book\274809
|
| 035 |
|
|
|a RU\TPU\book\58000
|
| 090 |
|
|
|a 252462
|
| 100 |
|
|
|a 20140303d1964 m y0rusy50 ca
|
| 101 |
0 |
|
|a rus
|
| 102 |
|
|
|a RU
|
| 105 |
|
|
|a a j 001zy
|
| 200 |
1 |
|
|a Курс общей химии
|e учебник для нехимических специальностей вузов
|f И. Н. Путилова [и др.]
|g под общей ред. И. Н. Путиловой
|
| 210 |
|
|
|a Москва
|c Высшая школа
|d 1964
|
| 215 |
|
|
|a 446 с.
|c ил.
|
| 320 |
|
|
|a Предметный указатель.: с. 434-445.
|
| 606 |
1 |
|
|a Химия общая
|2 stltpush
|3 (RuTPU)RU\TPU\subj\67862
|9 83510
|
| 610 |
1 |
|
|a периодический закон
|
| 610 |
1 |
|
|a атом
|
| 610 |
1 |
|
|a растворы
|
| 610 |
1 |
|
|a учебники
|
| 610 |
1 |
|
|a периодический закон Менделеева
|
| 610 |
1 |
|
|a строение
|
| 610 |
1 |
|
|a химическая связь
|
| 610 |
1 |
|
|a молекулы
|
| 610 |
1 |
|
|a химическая кинетика
|
| 610 |
1 |
|
|a растворы
|
| 610 |
1 |
|
|a поверхностные явления
|
| 610 |
1 |
|
|a реакции
|
| 610 |
1 |
|
|a окисление
|
| 610 |
1 |
|
|a коррозия
|
| 610 |
1 |
|
|a металлы
|
| 610 |
1 |
|
|a сплавы
|
| 610 |
1 |
|
|a комплексные соединения
|
| 610 |
1 |
|
|a органические соединения
|
| 610 |
1 |
|
|a радиоактивность
|
| 610 |
1 |
|
|a радиационная химия
|
| 675 |
|
|
|a 54(075.8)
|v 3
|
| 701 |
|
1 |
|a Путилова
|b И. Н.
|g Ия Николаевна
|
| 701 |
|
1 |
|a Левант
|b Г. Е.
|g Григорий Ефимович
|
| 701 |
|
1 |
|a Райцын
|b Г. А.
|g Генрих Александрович
|
| 701 |
|
1 |
|a Менковский
|b М. А.
|g Михаил Абрамович
|
| 701 |
|
1 |
|a Кротов
|b И. В.
|g Иван Васильевич
|
| 701 |
|
1 |
|a Лосев
|b Б. И.
|g Борис Иванович
|
| 702 |
|
1 |
|a Путилова
|b И. Н.
|g Ия Николаевна
|4 340
|
| 801 |
|
1 |
|a RU
|b 63413507
|c 20030910
|g PSBO
|
| 801 |
|
2 |
|a RU
|b 63413507
|c 20140306
|g PSBO
|
| 900 |
|
|
|a Общая химия
|
| 942 |
|
|
|c BK
|
| 952 |
|
|
|a 510500
|b 011000
|